| 000 | 00859nam a2200217 a 4500 | ||
|---|---|---|---|
| 001 | 000027016 | ||
| 005 | 20200930030541.0 | ||
| 008 | 110328s1980 dr 000 0 spa d | ||
| 040 |
_aDO-SdBNP _bspa _cBNPHU |
||
| 082 |
_axxxx _bW797p |
||
| 100 | 1 |
_aWipfler, William, _d1931- _954116 |
|
| 245 | 1 | 0 |
_aPoder, influencia e importancia : _bla iglesia como factor socio-político en República Dominicana / _cWilliam Wipfler ; traducción Samuel E. James ; edición Horacio Almánzar. |
| 260 |
_aSanto Domingo : _bCEPAE, _c1980. |
||
| 300 |
_aii, 314 p. ; _c21 cm. |
||
| 504 | _aIncluye referencias bibliográficas y notas al pie de las páginas | ||
| 504 | _aBibliografía : p. 300-314 | ||
| 700 | 1 |
_aJames, Samuel E. _etr. _954117 |
|
| 700 | 1 |
_aAlmánzar, Horacio, _eed. _954118 |
|
| 710 | 2 |
_aCentro de Planificación y Acción Ecuménica _954119 |
|
| 049 | _aBNPD | ||
| 999 |
_c26508 _d26508 |
||